Catalog

Record Details

Catalog Search



Fragile lives #2 : a Rina Martin mystery / Jane A. ... Read More

Series: Rina Martin ; 2

Available copies

  • 1 of 1 copy available at LARL/NWRL Consortium.

Current holds

0 current holds with 1 total copy.

Show Only Available Copies
Location Call Number / Copy Notes Barcode Shelving Location Status Due Date
Greenbush Public Library ADA (Text) 35500004438956 Main Available -

Record details

  • ISBN: 9780727866806 (hbk.)
  • ISBN: 072786680X (hbk.)
  • Physical Description: 203 p. ; 23 cm.
  • Edition: 1st world ed.
  • Publisher: Sutton : Severn House, 2008.
Subject: Police > Fiction.
Murder > Investigation > Fiction.
Genre: Detective and mystery stories.
Mystery fiction.
LDR 01075cam a22003258a 4500
001102406
003LARL_NWRL_CONSORTIUM
00520090326161712.0
008080418s2008 enk 000 f eng
015 . ‡aGBA877855 ‡2bnb
0167 . ‡a014646899 ‡2Uk
020 . ‡a9780727866806 (hbk.)
020 . ‡a072786680X (hbk.)
035 . ‡a(OCoLC)438802055 ‡z(OCoLC)227031490
08204. ‡a823.914 ‡222
1001 . ‡aAdams, Jane, ‡d1960- ‡0(LARL_NWRL_CONSORTIUM)194407
24510. ‡aFragile lives ‡n#2 : ‡ba Rina Martin mystery / ‡cJane A. Adams.
250 . ‡a1st world ed.
260 . ‡aSutton : ‡bSevern House, ‡c2008.
300 . ‡a203 p. ; ‡c23 cm.
4900 . ‡aRina Martin ; ‡v2
650 0. ‡aPolice ‡vFiction. ‡0(LARL_NWRL_CONSORTIUM)166800
650 0. ‡aMurder ‡xInvestigation ‡vFiction. ‡0(LARL_NWRL_CONSORTIUM)166203
655 0. ‡aDetective and mystery stories.
655 7. ‡aMystery fiction. ‡2gsafd
901 . ‡a102406 ‡bOCLC ‡c102406 ‡tbiblio

Additional Resources